| 000 | 03288nam0a2200433 4500 | ||
|---|---|---|---|
| 001 | RU\NLR\BIBL_A\012803566 | ||
| 005 | 20221004125206.0 | ||
| 010 |
_a978-5-00105-682-9 _92000 |
||
| 021 |
_aRU _bКН-П-22-011030 _9КН-П-22-0936 |
||
| 035 | _a(NLR Aleph) 012803566 | ||
| 035 | _a(RuMoRGB)010988696 | ||
| 090 |
_a13190608 _c13190608 |
||
| 100 | _a20220530d2022 k y0rusy50 ca | ||
| 101 | 0 | _arus | |
| 102 | _aRU | ||
| 105 | _ay|||z|||000zy | ||
| 181 | 0 |
_ai4 _baxxe |
|
| 182 | 0 | _an | |
| 200 | 1 |
_aМинистерство внутренних дел Российской империи в условиях либеральных и консервативных реформ в 1802-1917 гг. _e(монография) _fРычков Ю. А., Маюров Н. П., Маюров П. Н. [и др.] |
|
| 203 |
_aТекст _bвизуальный _cнепосредственный |
||
| 210 |
_aСанкт-Петербург _cЛема _d2022 |
||
| 215 |
_a239 с. _d22 |
||
| 300 | _aНа обороте тит. с. авт.: Рычков Ю.А., ген.-майор полиции, аспирант, Маюров Н.П., полк. полиции, д-р юрид. наук, канд. ист. наук, проф., Заслуж. юрист России, Маюров П.Н., аспирант [и др.] | ||
| 320 | _aБиблиогр.: с. 223-239 (202 назв.) и в подстроч. примеч. | ||
| 330 | _aВ монографии раскрывается роль и значение Министерства внутренних дел как важнейшего отраслевого ведомства государственной власти Российской империи в 1802-1917 гг. в аспекте реформирования аппарата государственной власти в ходе либеральных и консервативных реформ. Исследуется генезис формирования и развития системы органов внутренних дел в России. Рассматривается динамика изменений системы государственного управления. Изучается вклад министров внутренних дел в развитие государственности и права Российской империи | ||
| 601 | 0 | 1 |
_aРоссия _bМинистерство внутренних дел _xИстория _92242707 _3RU\NLR\AUTH\661345648 |
| 606 | 1 |
_aПравовые реформы _xИстория _yРоссия _z19 - 20 вв. _92377782 _3RU\NLR\AUTH\661418845 |
|
| 686 | 1 | _aХ819(2)112.01-1 | |
| 686 | 1 | _aХ2(2)5-6 | |
| 701 | 1 |
_aРычков _bЮ. А. _gЮрий Алексеевич |
|
| 701 | 1 |
_aМаюров _bН. П. _gНиколай Петрович |
|
| 701 | 1 |
_aМаюров _bП. Н. _gПавел Николаевич |
|
| 856 | 4 |
_lVNP_SKP _tVIEW _uhttps://webservices.nlr.ru/viewer/file?name=a012803566_002.txt _yАннотация |
|
| 856 | 4 | 1 |
_lVNP_SKP _tVIEW _uhttps://webservices.nlr.ru/viewer/file?name=t012803566_001.jpeg _yОбложка |
| 942 | _cBOOK | ||
| 980 | 4 | _aVNP_SKP | |
| 980 | _aNB | ||